Aparupoda aparanjilu: Tulu pavranika katha sankalana (Record no. 214934)
[ view plain ]
| 000 -LEADER | |
|---|---|
| fixed length control field | 01272nam a2200241Ia 4500 |
| 003 - CONTROL NUMBER IDENTIFIER | |
| control field | OSt |
| 005 - DATE AND TIME OF LATEST TRANSACTION | |
| control field | 20240523153142.0 |
| 008 - FIXED-LENGTH DATA ELEMENTS--GENERAL INFORMATION | |
| fixed length control field | 210719s2005 xx 000 0 und d |
| 040 ## - CATALOGING SOURCE | |
| Transcribing agency | AL |
| 041 ## - LANGUAGE CODE | |
| Language code of text/sound track or separate title | Tulu |
| 082 ## - DEWEY DECIMAL CLASSIFICATION NUMBER | |
| Classification number | T894.3 SHRA |
| 100 ## - MAIN ENTRY--PERSONAL NAME | |
| Personal name | SHREEMATIRAO (B K) |
| Dates associated with a name | ಶ್ರೀಮತಿ ರಾವ್ (ಬಿ ಕೆ) |
| 9 (RLIN) | 167149 |
| 245 ## - TITLE STATEMENT | |
| Title | Aparupoda aparanjilu: Tulu pavranika katha sankalana |
| Remainder of title | ಅಪರೂಪದ ಅಪರಂಜಿಲು: ತುಳು ಪೌರಾಣಿಕ ಕಥಾ ಸಂಕಲನ |
| 260 ## - PUBLICATION, DISTRIBUTION, ETC. | |
| Place of publication, distribution, etc. | Dakshina Kannada |
| Name of publisher, distributor, etc. | Yugapurusha Prakatanalaya |
| Date of publication, distribution, etc. | 2005 |
| 300 ## - PHYSICAL DESCRIPTION | |
| Extent | 101 |
| Other physical details | PB |
| 365 ## - TRADE PRICE | |
| Price amount | 50 |
| Currency code | Rs |
| 440 ## - SERIES STATEMENT/ADDED ENTRY--TITLE | |
| Title | Yugapurusha granthamale 387 |
| 9 (RLIN) | 167150 |
| 520 ## - SUMMARY, ETC. | |
| Summary, etc. | ಪರಿವಿಡಿ<br/><br/>i ಪ್ರಸ್ತಾವನೆ<br/>1. ಕಲ್ಲ್ ಡ್ಡ ರಲ್ದು೦ತ್ಯಲ್!!!<br/>2. ಮದಯಂತಿ<br/>3. ಪಂಚಕನ್ಯೆರ್ಡ್ಒರ್ತಿ<br/>4. ಚಾಂದ್ರಮಸಿ<br/>5. ಮಹಾಸಾದ್ವಿ, ಮಾಧವಿ<br/>6. ವಶವಾಯರ್ ಪರಾಶರೆರ್ !<br/>7. ಪೃಥೆನ ವ್ಯಥೆತ ಕತೆ<br/>8. ಉರಿತೊ ಮರಿ |
| 650 ## - SUBJECT ADDED ENTRY--TOPICAL TERM | |
| Topical term or geographic name entry element | Tulu Fiction |
| 9 (RLIN) | 167151 |
| 650 ## - SUBJECT ADDED ENTRY--TOPICAL TERM | |
| Topical term or geographic name entry element | Tulu Fiction |
| 9 (RLIN) | 167151 |
| 906 ## - LOCAL DATA ELEMENT F, LDF (RLIN) | |
| a | aparanjilu ; Aparupoda ; katha ; pavranika ; sankalana ; Tulu |
| 942 ## - ADDED ENTRY ELEMENTS (KOHA) | |
| Source of classification or shelving scheme | Dewey Decimal Classification |
| Koha item type | Book |
| Withdrawn status | Lost status | Damaged status | Not for loan | Collection code | Home library | Current library | Date acquired | Cost, normal purchase price | Total Checkouts | Full call number | Barcode | Date last seen | Price effective from | Koha item type |
|---|---|---|---|---|---|---|---|---|---|---|---|---|---|---|
| Tulu | St Aloysius Library | St Aloysius Library | 11/29/2008 | 50.00 | T894.3 SHRA | D03550 | 07/19/2021 | 07/19/2021 | Donated Books |